[Event "Girls U14 Polish Youth Championship"]
[Site "chess24.com"]
[Date "2018.05.02"]
[Round "5"]
[White "Polakowska, Agnieszka"]
[Black "Reszka, Zofia"]
[Result "0-1"]
[Board "24"]
[WhiteElo "1180"]
[WhiteCountry "POL"]
[WhiteFideId "21800804"]
[WhiteEloChange "-7"]
[BlackElo "1286"]
[BlackCountry "POL"]
[BlackFideId "21813930"]
[BlackEloChange "7"]

1. e4 {[%clk 1:30:30]} c5 {[%clk 1:30:54]} 2. Nf3 {[%clk 1:30:49]} e6 {[%clk
1:31:08]} 3. d4 {[%clk 1:30:58]} cxd4 {[%clk 1:31:17]} 4. Nxd4 {[%clk 1:31:02]}
a6 {[%clk 1:31:22]} 5. Bd3 {[%clk 1:31:11]} Qc7 {[%clk 1:31:30]} 6. O-O {[%clk
1:31:21]} b5 {[%clk 1:30:58]} 7. Qe2 {[%clk 1:30:38]} d6 {[%clk 1:30:26]} 8. h3
{[%clk 1:30:12]} Bb7 {[%clk 1:29:49]} 9. Be3 {[%clk 1:24:51]} Nf6 {[%clk
1:28:31]} 10. Nd2 {[%clk 1:24:09]} Be7 {[%clk 1:26:36]} 11. Rac1 {[%clk 1:18:41]}
Nbd7 {[%clk 1:23:47]} 12. N4f3 {[%clk 1:17:38]} O-O {[%clk 1:20:07]} 13. Bg5
{[%clk 1:14:18]} Nc5 {[%clk 1:16:37]} 14. b3 {[%clk 1:08:37]} Rac8 {[%clk
1:11:28]} 15. c4 {[%clk 1:00:30]} b4 {[%clk 1:10:09]} 16. Rfe1 {[%clk 0:57:09]}
e5 {[%clk 1:06:08]} 17. Bb1 {[%clk 0:55:13]} Ra8 {[%clk 1:03:46]} 18. Bd3 {[%clk
0:54:46]} a5 {[%clk 1:01:44]} 19. Ra1 {[%clk 0:54:55]} a4 {[%clk 1:00:04]} 20.
Nh4 {[%clk 0:44:31]} h6 {[%clk 0:57:15]} 21. Bxf6 {[%clk 0:44:14]} Bxf6 {[%clk
0:57:09]} 22. Nf5 {[%clk 0:43:20]} Ra7 {[%clk 0:54:39]} 23. Rab1 {[%clk 0:41:08]}
Rfa8 {[%clk 0:51:29]} 24. Ne3 {[%clk 0:37:05]} axb3 {[%clk 0:48:49]} 25. axb3
{[%clk 0:37:23]} Ra2 {[%clk 0:47:01]} 26. Rec1 {[%clk 0:36:12]} Nxe4 {[%clk
0:38:27]} 27. Bxe4 {[%clk 0:35:17]} Bxe4 {[%clk 0:38:30]} 28. Nd5 {[%clk
0:35:20]} Bxd5 {[%clk 0:38:07]} 29. cxd5 {[%clk 0:35:45]} Qb7 {[%clk 0:36:24]}
30. Rd1 {[%clk 0:34:55]} Bg5 {[%clk 0:31:39]} 31. Qd3 {[%clk 0:33:43]} Rxd2
{[%clk 0:27:14]} 32. Rxd2 {[%clk 0:33:46]} Bxd2 {[%clk 0:27:39]} 33. Qxd2 {[%clk
0:34:11]} Ra5 {[%clk 0:27:00]} 34. Rd1 {[%clk 0:33:53]} Ra3 {[%clk 0:26:30]} 35.
Qd3 {[%clk 0:33:56]} Qa7 {[%clk 0:23:28]} 36. Rd2 {[%clk 0:33:28]} Ra2 {[%clk
0:21:17]} 37. Rxa2 {[%clk 0:33:04]} Qxa2 {[%clk 0:21:31]} 38. Qc4 {[%clk
0:33:13]} Qa1+ {[%clk 0:20:57]} 39. Kh2 {[%clk 0:33:32]} Qc3 {[%clk 0:20:34]} 40.
Qa6 {[%clk 0:33:04]} Qc5 {[%clk 0:18:41]} 41. Qc6 {[%clk 0:31:47]} Kf8 {[%clk
0:15:12]} 42. Qd7 {[%clk 0:31:28]} g6 {[%clk 0:13:30]} 43. f3 {[%clk 0:30:44]}
Qxd5 {[%clk 0:13:23]} 44. Qa4 {[%clk 0:30:31]} Qc5 {[%clk 0:12:59]} 45. Kg3
{[%clk 0:29:31]} d5 {[%clk 0:12:51]} 46. Qa1 {[%clk 0:29:12]} d4 {[%clk 0:12:28]}
47. Qa8+ {[%clk 0:28:53]} Kg7 {[%clk 0:12:41]} 48. Qe4 {[%clk 0:29:01]} Qb5
{[%clk 0:12:12]} 49. f4 {[%clk 0:28:58]} exf4+ {[%clk 0:11:42]} 50. Qxf4 {[%clk
0:29:23]} Qd3+ {[%clk 0:11:40]} 51. Qf3 {[%clk 0:28:53]} Qc3 {[%clk 0:11:10]} 52.
Kf2 {[%clk 0:27:30]} d3 {[%clk 0:11:02]} 53. Kg3 {[%clk 0:27:28]} d2 {[%clk
0:11:00]} 54. Kh2 {[%clk 0:27:48]} Qxf3 {[%clk 0:11:19]} 55. gxf3 {[%clk
0:28:02]} d1Q {[%clk 0:11:39]} 0-1

[Event "Girls U14 Polish Youth Championship"]
[Site "chess24.com"]
[Date "2018.05.02"]
[Round "5"]
[White "Kot, Ewelina"]
[Black "Gromek, Aleksandra"]
[Result "1-0"]
[Board "25"]
[WhiteElo "1148"]
[WhiteCountry "POL"]
[WhiteFideId "21871566"]
[WhiteEloChange "9"]
[BlackElo "1101"]
[BlackCountry "POL"]
[BlackFideId "21866619"]
[BlackEloChange "-9"]

1. e4 {[%clk 1:30:58]} e5 {[%clk 1:30:51]} 2. Nf3 {[%clk 1:31:23]} Nc6 {[%clk
1:31:06]} 3. Bc4 {[%clk 1:31:40]} Nf6 {[%clk 1:30:33]} 4. d3 {[%clk 1:31:27]} h6
{[%clk 1:28:59]} 5. c3 {[%clk 1:30:00]} d6 {[%clk 1:24:13]} 6. h3 {[%clk
1:28:11]} Be7 {[%clk 1:18:52]} 7. O-O {[%clk 1:27:14]} O-O {[%clk 1:16:14]} 8.
Nbd2 {[%clk 1:24:57]} Nh7 {[%clk 1:00:53]} 9. Re1 {[%clk 1:20:07]} Kh8 {[%clk
0:52:54]} 10. Nf1 {[%clk 1:16:16]} f5 {[%clk 0:46:56]} 11. exf5 {[%clk 1:13:08]}
Bxf5 {[%clk 0:42:47]} 12. Ng3 {[%clk 1:08:39]} Bg6 {[%clk 0:39:03]} 13. Bd5
{[%clk 0:52:51]} Ng5 {[%clk 0:31:09]} 14. Nxg5 {[%clk 0:48:26]} Bxg5 {[%clk
0:30:27]} 15. Bf3 {[%clk 0:47:05]} Bf6 {[%clk 0:25:43]} 16. Be3 {[%clk 0:43:57]}
Qd7 {[%clk 0:23:09]} 17. Bg4 {[%clk 0:41:24]} Qe7 {[%clk 0:22:59]} 18. Nf5 {[%clk
0:39:55]} Qf7 {[%clk 0:21:10]} 19. Qe2 {[%clk 0:29:56]} Ne7 {[%clk 0:19:45]} 20.
Nxe7 {[%clk 0:29:49]} Qxe7 {[%clk 0:20:05]} 21. Qd2 {[%clk 0:28:25]} Kh7 {[%clk
0:19:10]} 22. Bf3 {[%clk 0:27:29]} c6 {[%clk 0:18:02]} 23. c4 {[%clk 0:26:24]}
Rfd8 {[%clk 0:16:56]} 24. Rab1 {[%clk 0:25:55]} e4 {[%clk 0:14:58]} 25. Bxe4
{[%clk 0:25:38]} Bxe4 {[%clk 0:15:19]} 26. dxe4 {[%clk 0:26:01]} Qxe4 {[%clk
0:14:13]} 27. Bb6 {[%clk 0:25:37]} Qxc4 {[%clk 0:13:02]} 28. Bxd8 {[%clk
0:25:54]} Rxd8 {[%clk 0:13:24]} 29. a3 {[%clk 0:24:39]} Be5 {[%clk 0:12:18]} 30.
Rxe5 {[%clk 0:24:40]} dxe5 {[%clk 0:12:01]} 31. Qxd8 {[%clk 0:24:54]} Qc2 {[%clk
0:10:24]} 32. Qd1 {[%clk 0:24:21]} Qg6 {[%clk 0:10:00]} 33. Rc1 {[%clk 0:24:23]}
Kh8 {[%clk 0:09:08]} 34. Rc3 {[%clk 0:24:07]} a6 {[%clk 0:08:47]} 35. Qd8+ {[%clk
0:24:27]} Kh7 {[%clk 0:09:03]} 36. Qd3 {[%clk 0:24:50]} e4 {[%clk 0:08:46]} 37.
Qc2 {[%clk 0:25:05]} h5 {[%clk 0:08:31]} 38. f3 {[%clk 0:25:09]} exf3 {[%clk
0:08:53]} 39. Qxg6+ {[%clk 0:25:31]} Kxg6 {[%clk 0:09:13]} 40. Rxf3 {[%clk
0:25:53]} Kg5 {[%clk 0:09:28]} 41. Rf7 {[%clk 0:26:16]} Kg6 {[%clk 0:09:28]} 42.
Rxb7 {[%clk 0:26:16]} 1-0

[Event "Girls U14 Polish Youth Championship"]
[Site "chess24.com"]
[Date "2018.05.02"]
[Round "5"]
[White "Pieczewska, Gabriela"]
[Black "Lewandowska, Weronika"]
[Result "0-1"]
[Board "26"]
[WhiteElo "1203"]
[WhiteCountry "POL"]
[WhiteFideId "1195158"]
[WhiteEloChange "-10"]
[BlackElo "1219"]
[BlackCountry "POL"]
[BlackFideId "21814198"]
[BlackEloChange "10"]

1. d4 {[%clk 1:30:58]} e6 {[%clk 1:30:53]} 2. c4 {[%clk 1:31:21]} d5 {[%clk
1:31:18]} 3. g3 {[%clk 1:31:31]} Nf6 {[%clk 1:31:32]} 4. Bg2 {[%clk 1:31:32]} Nc6
{[%clk 1:31:05]} 5. Nf3 {[%clk 1:31:43]} Be7 {[%clk 1:29:40]} 6. b3 {[%clk
1:31:09]} b6 {[%clk 1:27:56]} 7. Nc3 {[%clk 1:25:31]} Bb7 {[%clk 1:24:17]} 8. Qc2
{[%clk 1:22:24]} Rb8 {[%clk 1:15:55]} 9. cxd5 {[%clk 1:18:45]} Nxd5 {[%clk
1:15:01]} 10. e4 {[%clk 1:08:39]} Nxc3 {[%clk 1:13:22]} 11. a4 {[%clk 0:57:44]}
b5 {[%clk 1:04:55]} 12. O-O {[%clk 0:48:42]} b4 {[%clk 1:01:08]} 13. Bb2 {[%clk
0:45:39]} O-O {[%clk 0:49:36]} 14. Bxc3 {[%clk 0:35:58]} bxc3 {[%clk 0:49:51]}
15. Qxc3 {[%clk 0:36:03]} Bb4 {[%clk 0:46:48]} 16. Qb2 {[%clk 0:30:19]} Qe7
{[%clk 0:37:57]} 17. Rfd1 {[%clk 0:23:02]} Rfd8 {[%clk 0:32:25]} 18. d5 {[%clk
0:21:17]} exd5 {[%clk 0:30:53]} 19. exd5 {[%clk 0:21:27]} Na5 {[%clk 0:30:41]}
20. Nh4 {[%clk 0:20:09]} f6 {[%clk 0:24:38]} 21. Rd4 {[%clk 0:17:54]} Qf8 {[%clk
0:17:57]} 22. Rad1 {[%clk 0:17:26]} c5 {[%clk 0:15:28]} 23. R4d3 {[%clk 0:10:32]}
c4 {[%clk 0:10:32]} 24. bxc4 {[%clk 0:08:43]} Nxc4 {[%clk 0:10:48]} 25. Qb3
{[%clk 0:08:51]} Ne5 {[%clk 0:10:43]} 26. Rd4 {[%clk 0:08:57]} Bd6 {[%clk
0:09:08]} 27. Qb1 {[%clk 0:06:10]} g6 {[%clk 0:05:03]} 28. f4 {[%clk 0:05:21]}
Bc5 {[%clk 0:04:01]} 29. fxe5 {[%clk 0:05:10]} fxe5 {[%clk 0:03:31]} 30. Rf1
{[%clk 0:04:19]} Bxd4+ {[%clk 0:03:40]} 31. Kh1 {[%clk 0:04:37]} Qe7 {[%clk
0:03:12]} 32. Qa2 {[%clk 0:04:29]} Qd6 {[%clk 0:02:23]} 33. Nf3 {[%clk 0:03:49]}
Bxd5 {[%clk 0:02:09]} 34. Qe2 {[%clk 0:03:55]} Bxf3 {[%clk 0:02:08]} 35. Rxf3
{[%clk 0:03:58]} Rf8 {[%clk 0:02:15]} 36. Rd3 {[%clk 0:03:23]} Rb1+ {[%clk
0:01:59]} 37. Rd1 {[%clk 0:03:06]} Rxd1+ {[%clk 0:02:16]} 38. Qxd1 {[%clk
0:03:30]} Bc5 {[%clk 0:02:15]} 39. Qb3+ {[%clk 0:03:41]} Kg7 {[%clk 0:02:36]} 40.
Qb7+ {[%clk 0:03:56]} Qe7 {[%clk 0:02:39]} 41. Qd5 {[%clk 0:04:05]} Rd8 {[%clk
0:02:34]} 42. Qb3 {[%clk 0:03:24]} e4 {[%clk 0:02:22]} 43. Qc2 {[%clk 0:03:21]}
e3 {[%clk 0:02:22]} 44. Qxc5 {[%clk 0:03:40]} Qxc5 {[%clk 0:02:35]} 45. Bf1
{[%clk 0:03:40]} 0-1

[Event "Girls U14 Polish Youth Championship"]
[Site "chess24.com"]
[Date "2018.05.03"]
[Round "6"]
[White "Zarebska, Lena"]
[Black "Wikar, Martyna"]
[Result "1-0"]
[Board "1"]
[WhiteElo "1754"]
[WhiteCountry "POL"]
[WhiteFideId "21807698"]
[WhiteEloChange "17"]
[BlackElo "2029"]
[BlackCountry "POL"]
[BlackFideId "21807663"]
[BlackEloChange "-17"]

1. e4 {[%clk 1:30:57]} c6 {[%clk 1:30:53]} 2. d4 {[%clk 1:31:15]} d5 {[%clk
1:31:16]} 3. e5 {[%clk 1:31:23]} c5 {[%clk 1:31:38]} 4. c3 {[%clk 1:25:09]} Nc6
{[%clk 1:30:10]} 5. h3 {[%clk 1:23:26]} Bf5 {[%clk 1:29:42]} 6. Bd3 {[%clk
1:21:50]} Bxd3 {[%clk 1:28:56]} 7. Qxd3 {[%clk 1:22:12]} e6 {[%clk 1:29:02]} 8.
Nf3 {[%clk 1:20:03]} Nge7 {[%clk 1:27:47]} 9. O-O {[%clk 1:16:36]} Nf5 {[%clk
1:24:02]} 10. Na3 {[%clk 1:10:38]} Be7 {[%clk 1:21:56]} 11. Nc2 {[%clk 1:09:27]}
c4 {[%clk 1:20:36]} 12. Qe2 {[%clk 1:09:31]} b5 {[%clk 1:20:38]} 13. b3 {[%clk
1:06:30]} O-O {[%clk 1:16:28]} 14. Ne3 {[%clk 1:02:33]} Nxe3 {[%clk 1:15:58]} 15.
Bxe3 {[%clk 1:02:06]} a5 {[%clk 1:13:44]} 16. Nh2 {[%clk 0:44:31]} f5 {[%clk
1:09:43]} 17. exf6 {[%clk 0:44:18]} Rxf6 {[%clk 1:08:45]} 18. Ng4 {[%clk
0:43:34]} Rg6 {[%clk 1:07:55]} 19. f4 {[%clk 0:42:43]} h5 {[%clk 1:03:53]} 20.
Ne5 {[%clk 0:42:42]} Nxe5 {[%clk 1:03:58]} 21. dxe5 {[%clk 0:40:14]} Rg3 {[%clk
0:55:52]} 22. bxc4 {[%clk 0:35:29]} dxc4 {[%clk 0:52:35]} 23. Rad1 {[%clk
0:32:48]} Qc7 {[%clk 0:46:45]} 24. Bd4 {[%clk 0:32:17]} Rf8 {[%clk 0:40:16]} 25.
Qe4 {[%clk 0:28:59]} Rf5 {[%clk 0:37:56]} 26. Qa8+ {[%clk 0:28:32]} Kf7 {[%clk
0:36:32]} 27. a3 {[%clk 0:25:17]} Bxa3 {[%clk 0:28:37]} 28. Kh2 {[%clk 0:25:09]}
Rd3 {[%clk 0:22:37]} 29. Rxd3 {[%clk 0:22:28]} cxd3 {[%clk 0:21:27]} 30. g4
{[%clk 0:22:32]} hxg4 {[%clk 0:12:14]} 31. hxg4 {[%clk 0:22:55]} Qe7 {[%clk
0:10:32]} 32. gxf5 {[%clk 0:20:07]} Qh4+ {[%clk 0:10:53]} 33. Kg1 {[%clk
0:20:20]} exf5 {[%clk 0:07:24]} 34. Qb7+ {[%clk 0:19:27]} Kg6 {[%clk 0:07:12]}
35. e6 {[%clk 0:19:28]} Qg4+ {[%clk 0:06:33]} 36. Qg2 {[%clk 0:19:39]} d2 {[%clk
0:05:46]} 37. Qxg4+ {[%clk 0:19:27]} fxg4 {[%clk 0:06:11]} 38. f5+ {[%clk
0:19:45]} Kh7 {[%clk 0:05:57]} 39. Be3 {[%clk 0:19:58]} a4 {[%clk 0:05:38]} 40.
Bxd2 {[%clk 0:20:20]} Bc5+ {[%clk 0:05:51]} 41. Kg2 {[%clk 0:20:43]} a3 {[%clk
0:06:10]} 42. Kg3 {[%clk 0:20:45]} a2 {[%clk 0:06:29]} 43. Ra1 {[%clk 0:21:05]}
1-0

[Event "Girls U14 Polish Youth Championship"]
[Site "chess24.com"]
[Date "2018.05.03"]
[Round "6"]
[White "Adamczyk, Zuzanna"]
[Black "Dylag, Emilia"]
[Result "0-1"]
[Board "2"]
[WhiteElo "1741"]
[WhiteCountry "POL"]
[WhiteFideId "1187570"]
[WhiteEloChange "-6"]
[BlackElo "1871"]
[BlackCountry "POL"]
[BlackFideId "21805172"]
[BlackEloChange "6"]

1. e4 {[%clk 1:30:55]} c5 {[%clk 1:30:42]} 2. Nf3 {[%clk 1:31:01]} d6 {[%clk
1:30:56]} 3. d4 {[%clk 1:31:02]} cxd4 {[%clk 1:31:11]} 4. Nxd4 {[%clk 1:31:09]}
Nf6 {[%clk 1:31:22]} 5. Nc3 {[%clk 1:31:04]} a6 {[%clk 1:31:28]} 6. Qf3 {[%clk
1:30:17]} Qc7 {[%clk 1:20:20]} 7. h3 {[%clk 1:07:19]} Nbd7 {[%clk 1:08:14]} 8.
Be2 {[%clk 1:01:40]} g6 {[%clk 1:02:56]} 9. g4 {[%clk 0:51:26]} h6 {[%clk
0:59:08]} 10. Be3 {[%clk 0:45:24]} b5 {[%clk 0:53:02]} 11. a3 {[%clk 0:30:36]}
Bb7 {[%clk 0:51:00]} 12. Bd3 {[%clk 0:23:58]} Bg7 {[%clk 0:44:34]} 13. Qg2 {[%clk
0:20:39]} e5 {[%clk 0:33:26]} 14. Nde2 {[%clk 0:19:21]} Nc5 {[%clk 0:32:18]} 15.
Ng3 {[%clk 0:18:34]} Rd8 {[%clk 0:28:03]} 16. g5 {[%clk 0:10:43]} hxg5 {[%clk
0:26:38]} 17. Bxg5 {[%clk 0:10:02]} Ne6 {[%clk 0:26:12]} 18. h4 {[%clk 0:09:17]}
Rc8 {[%clk 0:15:33]} 19. Qf3 {[%clk 0:07:14]} Nh5 {[%clk 0:15:10]} 20. Nxh5
{[%clk 0:06:38]} Rxh5 {[%clk 0:15:30]} 21. Rg1 {[%clk 0:04:51]} Bh6 {[%clk
0:12:01]} 22. Qe3 {[%clk 0:02:02]} Bxg5 {[%clk 0:11:49]} 23. hxg5 {[%clk
0:02:30]} Qc5 {[%clk 0:10:30]} 24. Qd2 {[%clk 0:01:28]} Nd4 {[%clk 0:10:11]} 25.
Be2 {[%clk 0:01:30]} Rh2 {[%clk 0:10:13]} 26. Bg4 {[%clk 0:01:49]} Rc7 {[%clk
0:09:39]} 27. O-O-O {[%clk 0:01:43]} Rxf2 {[%clk 0:09:07]} 28. b4 {[%clk
0:01:14]} Qxc3 {[%clk 0:09:25]} 29. Qxf2 {[%clk 0:01:26]} Nb3+ {[%clk 0:09:45]}
0-1

[Event "Girls U14 Polish Youth Championship"]
[Site "chess24.com"]
[Date "2018.05.03"]
[Round "6"]
[White "Czarnecka, Lidia"]
[Black "Hertlein, Irena"]
[Result "1/2-1/2"]
[Board "3"]
[WhiteElo "1809"]
[WhiteCountry "POL"]
[WhiteFideId "21807531"]
[WhiteEloChange "-6"]
[BlackElo "1582"]
[BlackCountry "POL"]
[BlackFideId "21817618"]
[BlackEloChange "6"]

1. e4 {[%clk 1:30:56]} c5 {[%clk 1:30:45]} 2. Nf3 {[%clk 1:30:21]} Nc6 {[%clk
1:30:58]} 3. d4 {[%clk 1:29:45]} cxd4 {[%clk 1:31:15]} 4. Nxd4 {[%clk 1:29:25]}
g6 {[%clk 1:31:04]} 5. Nc3 {[%clk 1:28:42]} Bg7 {[%clk 1:31:03]} 6. Be3 {[%clk
1:28:28]} Nf6 {[%clk 1:30:21]} 7. Bc4 {[%clk 1:27:21]} O-O {[%clk 1:29:22]} 8.
Bb3 {[%clk 1:26:56]} a5 {[%clk 1:28:11]} 9. a4 {[%clk 1:23:39]} Ng4 {[%clk
1:20:06]} 10. Qxg4 {[%clk 1:20:16]} Nxd4 {[%clk 1:20:20]} 11. Qd1 {[%clk
1:18:34]} Nxb3 {[%clk 1:20:00]} 12. cxb3 {[%clk 1:18:53]} d6 {[%clk 1:14:26]} 13.
Bd4 {[%clk 1:10:03]} Be6 {[%clk 1:07:28]} 14. Bxg7 {[%clk 1:04:18]} Kxg7 {[%clk
1:07:37]} 15. Qd4+ {[%clk 1:04:20]} Kg8 {[%clk 1:07:10]} 16. b4 {[%clk 1:02:42]}
Rc8 {[%clk 0:56:00]} 17. b5 {[%clk 0:56:30]} Rc4 {[%clk 0:49:12]} 18. Qd2 {[%clk
0:55:08]} f5 {[%clk 0:38:06]} 19. exf5 {[%clk 0:52:29]} Rxf5 {[%clk 0:38:08]} 20.
O-O {[%clk 0:52:08]} Bf7 {[%clk 0:35:58]} 21. Rfe1 {[%clk 0:50:45]} d5 {[%clk
0:27:51]} 22. Ne2 {[%clk 0:41:04]} d4 {[%clk 0:19:44]} 23. Qd3 {[%clk 0:39:30]}
Rb4 {[%clk 0:15:26]} 24. Qd2 {[%clk 0:35:20]} Rc5 {[%clk 0:12:41]} 25. Ra3 {[%clk
0:29:59]} e5 {[%clk 0:10:51]} 26. Rh3 {[%clk 0:26:47]} Be6 {[%clk 0:09:17]} 27.
Rc3 {[%clk 0:26:37]} Qc7 {[%clk 0:04:58]} 28. Rxc5 {[%clk 0:26:08]} Qxc5 {[%clk
0:05:25]} 29. Ra1 {[%clk 0:22:03]} Bf5 {[%clk 0:03:38]} 30. Ng3 {[%clk 0:20:00]}
Qc2 {[%clk 0:02:56]} 31. Qg5 {[%clk 0:19:50]} Rxb2 {[%clk 0:01:37]} 32. Qd8+
{[%clk 0:19:58]} Kf7 {[%clk 0:00:37]} 33. Qd5+ {[%clk 0:19:13]} Kf8 {[%clk
0:00:36]} 34. Qd8+ {[%clk 0:18:39]} Kf7 {[%clk 0:00:43]} 35. Qd5+ {[%clk
0:19:03]} Kf8 {[%clk 0:00:39]} 1/2-1/2

[Event "Girls U14 Polish Youth Championship"]
[Site "chess24.com"]
[Date "2018.05.03"]
[Round "6"]
[White "Krzyzosiak, Marta"]
[Black "Marcinczyk, Monika"]
[Result "1/2-1/2"]
[Board "4"]
[WhiteElo "1567"]
[WhiteCountry "POL"]
[WhiteFideId "21820449"]
[WhiteEloChange "6"]
[BlackElo "1804"]
[BlackTitle "WCM"]
[BlackCountry "POL"]
[BlackFideId "1192051"]
[BlackEloChange "-6"]

1. e4 {[%clk 1:30:56]} c5 {[%clk 1:30:54]} 2. Nf3 {[%clk 1:31:15]} Nc6 {[%clk
1:31:17]} 3. d4 {[%clk 1:31:16]} cxd4 {[%clk 1:31:39]} 4. Nxd4 {[%clk 1:31:33]}
g6 {[%clk 1:31:49]} 5. c4 {[%clk 1:31:32]} Bg7 {[%clk 1:31:57]} 6. Be3 {[%clk
1:30:59]} Nf6 {[%clk 1:31:46]} 7. Nc3 {[%clk 1:30:38]} O-O {[%clk 1:30:32]} 8.
Be2 {[%clk 1:30:16]} d6 {[%clk 1:30:19]} 9. O-O {[%clk 1:28:37]} Nxd4 {[%clk
1:29:52]} 10. Bxd4 {[%clk 1:28:10]} Bd7 {[%clk 1:29:55]} 11. Qd2 {[%clk 1:25:57]}
Bc6 {[%clk 1:29:30]} 12. Bd3 {[%clk 1:24:50]} a5 {[%clk 1:27:28]} 13. Rae1 {[%clk
1:22:36]} Nd7 {[%clk 1:23:56]} 14. Bxg7 {[%clk 1:21:59]} Kxg7 {[%clk 1:24:20]}
15. Re3 {[%clk 1:19:50]} Nc5 {[%clk 1:13:49]} 16. Rh3 {[%clk 1:14:56]} Rh8 {[%clk
1:09:54]} 17. Qh6+ {[%clk 1:02:13]} Kg8 {[%clk 1:10:03]} 18. Nd5 {[%clk 0:56:33]}
e6 {[%clk 0:55:37]} 19. Nf4 {[%clk 0:55:13]} Qf8 {[%clk 0:33:15]} 20. Qh4 {[%clk
0:41:52]} h6 {[%clk 0:27:29]} 21. Rg3 {[%clk 0:36:42]} Kh7 {[%clk 0:22:55]} 22.
e5 {[%clk 0:29:30]} Nxd3 {[%clk 0:14:59]} 23. Nxd3 {[%clk 0:29:42]} d5 {[%clk
0:08:37]} 24. cxd5 {[%clk 0:26:21]} exd5 {[%clk 0:07:07]} 25. Re1 {[%clk
0:23:34]} Qd8 {[%clk 0:06:39]} 26. Qxd8 {[%clk 0:22:41]} Raxd8 {[%clk 0:06:14]}
27. e6 {[%clk 0:22:39]} fxe6 {[%clk 0:04:20]} 28. Rxe6 {[%clk 0:22:48]} Rhg8
{[%clk 0:04:00]} 29. h3 {[%clk 0:20:58]} Rde8 {[%clk 0:03:57]} 30. Rge3 {[%clk
0:20:18]} Rxe6 {[%clk 0:03:50]} 31. Rxe6 {[%clk 0:20:41]} Re8 {[%clk 0:04:08]}
32. Rxe8 {[%clk 0:20:53]} Bxe8 {[%clk 0:04:37]} 33. Nc5 {[%clk 0:17:44]} b6
{[%clk 0:04:47]} 34. Ne6 {[%clk 0:17:45]} Bf7 {[%clk 0:03:53]} 35. Nd4 {[%clk
0:17:30]} Kg7 {[%clk 0:04:15]} 36. f4 {[%clk 0:16:34]} Kf6 {[%clk 0:04:14]} 37.
Kf2 {[%clk 0:16:08]} g5 {[%clk 0:03:31]} 38. fxg5+ {[%clk 0:15:24]} Kxg5 {[%clk
0:03:28]} 39. Kg3 {[%clk 0:15:07]} Be8 {[%clk 0:03:04]} 1/2-1/2

[Event "Girls U14 Polish Youth Championship"]
[Site "chess24.com"]
[Date "2018.05.03"]
[Round "6"]
[White "Goraj, Barbara"]
[Black "Kroliczek, Gabriela"]
[Result "1-0"]
[Board "5"]
[WhiteElo "1784"]
[WhiteCountry "POL"]
[WhiteFideId "21816166"]
[WhiteEloChange "8"]
[BlackElo "1729"]
[BlackCountry "POL"]
[BlackFideId "21816727"]
[BlackEloChange "-8"]

1. e4 {[%clk 1:30:57]} c5 {[%clk 1:30:56]} 2. Nf3 {[%clk 1:31:15]} Nc6 {[%clk
1:31:16]} 3. d4 {[%clk 1:31:35]} cxd4 {[%clk 1:31:44]} 4. Nxd4 {[%clk 1:31:47]}
Nf6 {[%clk 1:32:09]} 5. Nc3 {[%clk 1:32:04]} e6 {[%clk 1:32:36]} 6. Nxc6 {[%clk
1:31:44]} bxc6 {[%clk 1:33:02]} 7. Bd3 {[%clk 1:32:03]} e5 {[%clk 1:33:00]} 8.
O-O {[%clk 1:29:22]} Bc5 {[%clk 1:31:38]} 9. Qe2 {[%clk 1:25:13]} O-O {[%clk
1:31:06]} 10. Na4 {[%clk 1:21:49]} Be7 {[%clk 1:26:28]} 11. f4 {[%clk 1:15:30]}
exf4 {[%clk 1:25:07]} 12. Bxf4 {[%clk 1:15:38]} Qa5 {[%clk 1:09:14]} 13. b3
{[%clk 1:13:56]} d6 {[%clk 1:06:04]} 14. e5 {[%clk 1:03:24]} dxe5 {[%clk
1:03:30]} 15. Qxe5 {[%clk 0:57:00]} Qxe5 {[%clk 0:57:47]} 16. Bxe5 {[%clk
0:57:20]} Be6 {[%clk 0:56:56]} 17. h3 {[%clk 0:48:16]} Rad8 {[%clk 0:54:16]} 18.
Nb2 {[%clk 0:39:39]} Nd5 {[%clk 0:45:39]} 19. a3 {[%clk 0:33:36]} Ne3 {[%clk
0:40:08]} 20. Rfe1 {[%clk 0:32:45]} Bg5 {[%clk 0:37:44]} 21. Re2 {[%clk 0:28:20]}
Nd5 {[%clk 0:31:53]} 22. Rf1 {[%clk 0:22:30]} Rfe8 {[%clk 0:27:32]} 23. c4 {[%clk
0:15:59]} Nf6 {[%clk 0:20:32]} 24. Kh2 {[%clk 0:12:36]} Nd7 {[%clk 0:18:24]} 25.
Bc7 {[%clk 0:12:32]} Rc8 {[%clk 0:18:27]} 26. Bd6 {[%clk 0:12:27]} Bf6 {[%clk
0:14:27]} 27. Na4 {[%clk 0:11:08]} Bd4 {[%clk 0:13:29]} 28. Rfe1 {[%clk 0:10:11]}
g6 {[%clk 0:12:22]} 29. Be4 {[%clk 0:08:52]} Red8 {[%clk 0:08:52]} 30. Rd1 {[%clk
0:07:14]} Bf6 {[%clk 0:06:31]} 31. Rf2 {[%clk 0:06:18]} Bg7 {[%clk 0:06:00]} 32.
Rfd2 {[%clk 0:06:06]} Bf8 {[%clk 0:02:48]} 33. Bxf8 {[%clk 0:05:25]} Kxf8 {[%clk
0:03:12]} 34. Nc5 {[%clk 0:05:18]} Ke7 {[%clk 0:01:13]} 35. Nb7 {[%clk 0:04:11]}
Rf8 {[%clk 0:01:10]} 36. Na5 {[%clk 0:03:50]} Ne5 {[%clk 0:00:52]} 37. Rd6 {[%clk
0:03:47]} Bd7 {[%clk 0:00:43]} 38. c5 {[%clk 0:02:52]} Rc7 {[%clk 0:00:42]} 39.
Bc2 {[%clk 0:02:36]} f6 {[%clk 0:00:56]} 40. Re1 {[%clk 0:02:06]} Kf7 {[%clk
0:01:03]} 41. b4 {[%clk 0:02:04]} Kg7 {[%clk 0:01:05]} 42. Ba4 {[%clk 0:02:12]}
Rfc8 {[%clk 0:01:07]} 43. Re3 {[%clk 0:01:21]} Rf8 {[%clk 0:00:51]} 44. Kg1
{[%clk 0:01:28]} Rfc8 {[%clk 0:00:47]} 45. g4 {[%clk 0:01:38]} h6 {[%clk
0:01:05]} 46. Kg2 {[%clk 0:01:21]} Rf8 {[%clk 0:01:20]} 47. Kg3 {[%clk 0:01:27]}
Rf7 {[%clk 0:01:03]} 48. Re1 {[%clk 0:01:26]} Rf8 {[%clk 0:01:24]} 49. Red1
{[%clk 0:01:09]} Rf7 {[%clk 0:01:43]} 50. Bb3 {[%clk 0:01:02]} Re7 {[%clk
0:01:14]} 51. R1d2 {[%clk 0:00:38]} Nf7 {[%clk 0:00:48]} 52. R6d3 {[%clk
0:00:33]} Ne5 {[%clk 0:00:44]} 53. Rd4 {[%clk 0:00:58]} Nf7 {[%clk 0:00:39]} 54.
Kf2 {[%clk 0:00:48]} Ng5 {[%clk 0:00:52]} 55. Kg2 {[%clk 0:00:44]} Nf7 {[%clk
0:00:44]} 56. Ba4 {[%clk 0:00:42]} Ne5 {[%clk 0:00:50]} 57. Rd1 {[%clk 0:00:34]}
Kf8 {[%clk 0:00:43]} 58. Rf1 {[%clk 0:00:39]} Kg7 {[%clk 0:01:05]} 59. Bc2 {[%clk
0:00:40]} Be6 {[%clk 0:00:37]} 60. Be4 {[%clk 0:00:48]} Bd7 {[%clk 0:00:39]} 61.
Kg3 {[%clk 0:00:47]} Nf7 {[%clk 0:00:37]} 62. Bg2 {[%clk 0:00:42]} Ne5 {[%clk
0:00:35]} 63. Rd6 {[%clk 0:00:38]} Rf7 {[%clk 0:00:55]} 64. Be4 {[%clk 0:00:36]}
Rf8 {[%clk 0:00:47]} 65. Bb1 {[%clk 0:00:39]} Rf7 {[%clk 0:01:08]} 66. Ba2 {[%clk
0:00:58]} Rf8 {[%clk 0:01:33]} 67. Bb3 {[%clk 0:01:06]} Bc8 {[%clk 0:01:27]} 68.
Rfd1 {[%clk 0:01:16]} Bd7 {[%clk 0:01:41]} 69. Nc4 {[%clk 0:01:23]} Bc8 {[%clk
0:00:35]} 70. Nxe5 {[%clk 0:01:21]} fxe5 {[%clk 0:01:00]} 71. Bc2 {[%clk
0:00:53]} Rf6 {[%clk 0:00:40]} 72. Rxf6 {[%clk 0:01:11]} Kxf6 {[%clk 0:01:08]}
73. Rd6+ {[%clk 0:01:35]} Be6 {[%clk 0:01:29]} 74. Bxg6 {[%clk 0:01:32]} Re7
{[%clk 0:01:26]} 75. Bf5 {[%clk 0:01:36]} Kf7 {[%clk 0:01:23]} 76. Bxe6+ {[%clk
0:01:50]} Rxe6 {[%clk 0:01:49]} 77. Rd7+ {[%clk 0:01:42]} Kf6 {[%clk 0:02:11]}
78. Rxa7 {[%clk 0:01:46]} e4 {[%clk 0:02:33]} 79. Kf2 {[%clk 0:02:09]} e3+ {[%clk
0:02:51]} 80. Ke2 {[%clk 0:02:31]} Kg5 {[%clk 0:03:19]} 81. Rf7 {[%clk 0:02:37]}
Kh4 {[%clk 0:03:33]} 82. Rf3 {[%clk 0:02:55]} 1-0